000 00560nam a22001937a 4500
003 OSt
005 20180116183030.0
008 151218b xxu||||| |||| 00| 0 eng d
020 _a03-777-96-1
024 _203-777-96-1
040 _cLahore LUMS
082 _a174.4 LUM 1996
100 _aKHAN JH
245 _aTETRA PAK: QUALITY ASSURANCE THROUGH ISO 9000
_cKHAN JH
260 _aLahore LUMS
_b Lahore University of Management Sciences
_c1996
300 _a13 p.
_bPapers
440 _aTETRA PAK: QUALITY ASSURANCE THROUGH ISO 9000
942 _2ddc
_cCS
999 _c350958
_d350958